[Event "European Blitz Championship 2021"]
[Site "Katowice"]
[Date "2021.12.17"]
[Round "1.29"]
[White "Przybylski, Wojciech"]
[Black "Bogusz, Alan"]
[Result "1-0"]
[WhiteElo "2247"]
[BlackElo "1556"]
[Annotator "ChessBase"]
[PlyCount "107"]
[EventDate "2021.12.17"]
[EventType "swiss"]
[EventCountry "POL"]
[SourceTitle "playchess.com"]
[Source "ChessBase"]
[SourceQuality "1"]

1. e4 c5 2. Nf3 d6 3. Bb5+ Nd7 4. a4 a6 5. Bc4 e6 6. O-O Ngf6 7. Nc3 Be7 8. d3
O-O 9. h3 b6 10. Re1 Bb7 11. d4 d5 12. exd5 exd5 13. Bd3 Bd6 14. Bg5 Qc7 15.
Nh4 cxd4 16. Ne2 Ne4 17. Nf3 Ne5 18. Nexd4 Nxf3+ 19. Nxf3 h6 20. Be3 Rfe8 21.
c3 Bc5 22. Bd4 Bxd4 23. Nxd4 Qf4 24. Qf3 Qxf3 25. Nxf3 Nc5 26. Bc2 Kf8 27. Nd4
Rxe1+ 28. Rxe1 Re8 29. Rd1 g6 30. f3 Re7 31. Kf2 Ke8 32. h4 h5 33. Ne2 Bc6 34.
b3 Kd7 35. Nd4 Ne6 36. Ne2 Nc5 37. Nf4 Kd6 38. c4 Re5 39. Rd2 Ne6 40. Ne2 Kc5
41. cxd5 Bxd5 42. Bd1 Bc6 43. Rc2+ Kd6 44. Rd2+ Kc5 45. Rc2+ Kd6 46. Nc3 Nf4
47. Rd2+ Kc7 48. g3 Nd5 49. Ne4 f5 50. Ng5 Ne3 51. Be2 Bd5 52. Rd3 Bg8 53. Rxe3
Rxe3 54. Kxe3 1-0

[Event "European Blitz Championship 2021"]
[Site "Katowice"]
[Date "2021.12.17"]
[Round "1.30"]
[White "Dobosiewicz, Dawid"]
[Black "Dragnev, Valentin"]
[Result "0-1"]
[WhiteElo "1678"]
[BlackElo "2548"]
[Annotator "RC"]
[PlyCount "84"]
[EventDate "2021.12.17"]
[EventType "swiss"]
[EventCountry "POL"]
[SourceTitle "playchess.com"]
[Source "ChessBase"]
[SourceQuality "1"]

1. e4 d5 2. exd5 Qxd5 3. Nc3 Qa5 4. Bc4 Nf6 5. d4 Bg4 6. Nge2 Nc6 7. f3 Bf5 8.
Bd2 Qb4 9. Nb5 Qxc4 10. Nxc7+ Kd8 11. Nxa8 e6 12. Bg5 Be7 13. Bxf6 Bxf6 14. c3
Kd7 15. O-O Rxa8 16. Ng3 Bg6 17. Ne4 Ke7 18. Qb3 Qxb3 19. axb3 a6 20. b4 Rc8
21. Kh1 h5 22. Nc5 Nd8 23. Rfe1 Kd6 24. Ne4+ Kc7 25. Rad1 Nc6 26. d5 exd5 27.
Rxd5 Re8 28. Red1 Bxe4 29. fxe4 Ne5 30. c4 h4 31. b5 axb5 32. cxb5 Re6 33. Rc1+
Kb6 34. b4 Ng4 35. g3 h3 36. Kg1 Be7 37. e5 Nxe5 38. Kf2 Ng4+ 39. Kg1 Ne3 40.
Rd3 Bxb4 41. Rd4 Bc5 42. Rxc5 Kxc5 0-1

[Event "European Blitz Championship 2021"]
[Site "Katowice"]
[Date "2021.12.17"]
[Round "1.30"]
[White "Dziewonski, Dariusz"]
[Black "Kacprzak, Kacper"]
[Result "0-1"]
[WhiteElo "1555"]
[BlackElo "2245"]
[Annotator "ChessBase"]
[PlyCount "112"]
[EventDate "2021.12.17"]
[EventType "swiss"]
[EventCountry "POL"]
[SourceTitle "playchess.com"]
[Source "ChessBase"]
[SourceQuality "1"]

1. e4 c5 2. Nf3 d6 3. Bb5+ Bd7 4. Bxd7+ Qxd7 5. O-O Nf6 6. Qe2 Nc6 7. c3 e6 8.
d4 cxd4 9. cxd4 d5 10. e5 Ne4 11. Be3 Be7 12. Nbd2 Nxd2 13. Nxd2 O-O 14. a3 a5
15. Rac1 a4 16. f4 Na5 17. Qd3 Rac8 18. Rc3 b5 19. Rfc1 Nc4 20. Nxc4 bxc4 21.
Qe2 Rb8 22. Qf2 Rb6 23. R1c2 Rfb8 24. Bc1 R6b7 25. Rf3 Rb3 26. Rcc3 Bd8 27.
Rxb3 axb3 28. Bd2 Ra8 29. Bc3 Ba5 30. Qd2 Bxc3 31. Qxc3 Qb5 32. f5 exf5 33.
Rxf5 Qd7 34. Rf3 Qe6 35. Qe3 Qg6 36. Rf1 Qc2 37. Qf2 Qg6 38. Rc1 Ra6 39. Kf1
Qg5 40. Rd1 Rg6 41. Kg1 Qg4 42. Rf1 Qe6 43. Qf3 h6 44. Rc1 Rg4 45. Rd1 Re4 46.
h3 Qg6 47. Rd2 h5 48. Rd1 h4 49. Kh1 Qg5 50. Rf1 Qg6 51. Rd1 Kf8 52. Qc3 Re2
53. Rg1 Qe4 54. Qb4+ Kg8 55. Qc3 Re3 56. Qc1 Rxh3# 0-1

[Event "European Blitz Championship 2021"]
[Site "Katowice"]
[Date "2021.12.17"]
[Round "2.1"]
[White "Adamczyk, Zuzanna"]
[Black "Duda, Jan-Krzysztof"]
[Result "0-1"]
[WhiteElo "2035"]
[BlackElo "2756"]
[Annotator "TA"]
[PlyCount "53"]
[EventDate "2021.12.17"]
[EventType "swiss"]
[EventCountry "POL"]
[SourceTitle "playchess.com"]
[Source "ChessBase"]
[SourceQuality "1"]

1. d4 Nf6 2. c4 e6 3. g3 c5 4. d5 exd5 5. cxd5 d6 6. Nc3 g6 7. Bg2 Bg7 8. Nf3
O-O 9. O-O Re8 10. Bf4 a6 11. a4 b6 12. Re1 Nh5 13. Bg5 Qc7 14. e4 Nd7 15. Qd2
Rb8 16. Bh6 Bh8 17. Bf1 Nhf6 18. Qc2 Ng4 19. Bf4 Bg7 20. h3 Nge5 21. Nd2 c4 22.
Be3 Nc5 23. Nxc4 Nf3+ 24. Kg2 Nxe1+ 25. Rxe1 b5 26. axb5 axb5 27. b4 0-1

[Event "European Blitz Championship 2021"]
[Site "Katowice"]
[Date "2021.12.17"]
[Round "2.1"]
[White "Budkiewicz, Magdalena"]
[Black "Papasimakopoulos, Alexandros"]
[Result "0-1"]
[WhiteElo "1624"]
[BlackElo "2394"]
[Annotator "ChessBase"]
[PlyCount "104"]
[EventDate "2021.12.17"]
[EventType "swiss"]
[EventCountry "POL"]
[SourceTitle "playchess.com"]
[Source "ChessBase"]
[SourceQuality "1"]

1. e4 e6 2. d4 d5 3. e5 b6 4. Nf3 Ba6 5. Bd3 Bxd3 6. Qxd3 c5 7. c3 Nc6 8. O-O
Nge7 9. Bg5 Qd7 10. Nbd2 Nf5 11. Nh4 h6 12. Nxf5 hxg5 13. Ne3 c4 14. Qc2 f5 15.
f4 gxf4 16. Rxf4 g5 17. Rff1 O-O-O 18. b3 cxb3 19. Nxb3 g4 20. g3 Bh6 21. Ng2
Rh7 22. Nf4 Bxf4 23. Rxf4 Rdh8 24. Rf2 Rh3 25. Raf1 Qh7 26. Rg2 Kb8 27. a4 a5
28. Qb2 Ka7 29. Nc1 Qh6 30. Qe2 Ne7 31. Nd3 Ng6 32. Rb1 Rb8 33. Nf2 Rh5 34. Nd3
Qh7 35. Rf2 Qd7 36. Qc2 Rhh8 37. Qb3 Rhc8 38. Rc2 Rc4 39. Nb2 Rc7 40. Rd1 f4
41. Rf2 f3 42. Nd3 Rc4 43. Nb2 Rc7 44. Nd3 Rbc8 45. Rc1 Rc4 46. Rb1 Qc6 47. Rc2
Qc7 48. Nb2 Rxc3 49. Rxc3 Qxc3 50. Qb5 Qxd4+ 51. Kh1 Qc5 52. Qd7+ Rc7 0-1

[Event "European Blitz Championship 2021"]
[Site "Katowice"]
[Date "2021.12.17"]
[Round "2.2"]
[White "Balog, Imre"]
[Black "Hasterok, Lukasz"]
[Result "1-0"]
[WhiteElo "2573"]
[BlackElo "1619"]
[Annotator "RC"]
[PlyCount "63"]
[EventDate "2021.12.17"]
[EventType "swiss"]
[EventCountry "POL"]
[SourceTitle "playchess.com"]
[Source "ChessBase"]
[SourceQuality "1"]

1. d4 Nf6 2. c4 e6 3. Nc3 Bb4 4. e3 b6 5. Nge2 Bb7 6. a3 Bxc3+ 7. Nxc3 d6 8.
Bd3 Nbd7 9. O-O O-O 10. e4 e5 11. d5 Nc5 12. Bc2 a5 13. b3 Bc8 14. Be3 Ng4 15.
Bd2 f5 16. exf5 Bxf5 17. Bxf5 Rxf5 18. Qxg4 Rf7 19. Rab1 Qf6 20. b4 Nd3 21. Ne4
Qg6 22. Qxg6 hxg6 23. bxa5 bxa5 24. g3 Raf8 25. Rb3 Nc5 26. Nxc5 dxc5 27. Bxa5
e4 28. Bd2 Ra8 29. Be3 Ra5 30. Ra1 Rf6 31. Rb5 Ra4 32. Rxc5 1-0

[Event "European Blitz Championship 2021"]
[Site "Katowice"]
[Date "2021.12.17"]
[Round "2.2"]
[White "Kjartansson, Gudmundur"]
[Black "Trzebinski, Patryk"]
[Result "0-1"]
[WhiteElo "2382"]
[BlackElo "1617"]
[Annotator "ChessBase"]
[PlyCount "242"]
[EventDate "2021.12.17"]
[EventType "swiss"]
[EventCountry "POL"]
[SourceTitle "playchess.com"]
[Source "ChessBase"]
[SourceQuality "1"]

1. Nf3 Nf6 2. c4 d5 3. cxd5 Nxd5 4. Nc3 c5 5. e4 Nb4 6. Bc4 Nd3+ 7. Ke2 Nf4+ 8.
Kf1 Be6 9. Bxe6 Nxe6 10. b4 Qd3+ 11. Qe2 Qxe2+ 12. Nxe2 cxb4 13. d4 g6 14. d5
Bg7 15. Rb1 Nc5 16. Rxb4 Nba6 17. Rb1 O-O 18. Ng3 b6 19. Ke2 Na4 20. Bd2 Rac8
21. Rhc1 Bb2 22. Rxc8 Rxc8 23. Ne1 Bd4 24. f3 h5 25. Nf1 Bc3 26. Ne3 N6c5 27.
Nd3 Nxd3 28. Kxd3 Be5 29. g3 Nb2+ 30. Ke2 Bd4 31. Nd1 Na4 32. Kd3 Bg1 33. h3
Nc5+ 34. Ke2 Na4 35. g4 hxg4 36. hxg4 Bd4 37. Kd3 Be5 38. f4 Bd6 39. e5 Ba3 40.
Ne3 Nb2+ 41. Ke2 Nc4 42. Nxc4 Rxc4 43. Kd3 Ra4 44. f5 Rxg4 45. fxg6 Rxg6 46.
Bc3 Bc5 47. Rd1 Rg3+ 48. Kc4 a6 49. a4 Rg4+ 50. Kb3 Rg6 51. Rh1 Rg3 52. Kc4
Rg4+ 53. Kb3 Rg5 54. d6 exd6 55. exd6 f5 56. d7 Be7 57. Rh8+ Kf7 58. d8=Q Bxd8
59. Rxd8 Rg6 60. Ra8 b5 61. a5 f4 62. Ra7+ Ke8 63. Bd4 f3 64. Rh7 Rd6 65. Bb6
Rf6 66. Rh2 Kd7 67. Kb4 Rf4+ 68. Kb3 Kc6 69. Rd2 Re4 70. Rf2 Rf4 71. Kc3 Kd5
72. Kd3 Rf5 73. Rc2 Rf7 74. Bf2 Kd6 75. Ke4 Rf6 76. Bg3+ Kd7 77. Rc7+ Kd8 78.
Rc2 Kd7 79. Bf2 Kd6 80. Kd4 Rf4+ 81. Ke3 Ra4 82. Bg3+ Kd5 83. Kxf3 Rxa5 84. Ke2
Ra3 85. Be1 a5 86. Bf2 b4 87. Kd1 a4 88. Rc5+ Kd6 89. Rb5 Ra1+ 90. Ke2 b3 91.
Bd4 Ra2+ 92. Kd3 Kc6 93. Rb6+ Kd5 94. Rb4 Ra3 95. Bb2 Ra2 96. Bh8 Ra3 97. Kc3
Ra2 98. Rb5+ Kc6 99. Rb8 Rc2+ 100. Kd3 Kd5 101. Rb5+ Kc6 102. Rb4 Ra2 103. Bc3
Kd5 104. Rb8 Rc2 105. Rb5+ Kc6 106. Rb4 Ra2 107. Kc4 Ra3 108. Bd4 Ra2 109. Rb6+
Kc7 110. Kb5 b2 111. Ka6 a3 112. Rb7+ Kc6 113. Rb6+ Kd5 114. Bc3 Ra1 115. Ka5
Kc4 116. Bh8 b1=Q 117. Rxb1 Rxb1 118. Ka4 a2 119. Ka3 a1=Q+ 120. Bxa1 Rxa1+
121. Kb2 Ra8 0-1

[Event "European Blitz Championship 2021"]
[Site "Katowice"]
[Date "2021.12.17"]
[Round "2.3"]
[White "Furtak, Joanna"]
[Black "Kovalenko, Igor"]
[Result "0-1"]
[WhiteElo "1877"]
[BlackElo "2668"]
[Annotator "TA"]
[PlyCount "82"]
[EventDate "2021.12.17"]
[EventType "swiss"]
[EventCountry "POL"]
[SourceTitle "playchess.com"]
[Source "ChessBase"]
[SourceQuality "1"]

1. e4 d5 2. exd5 Qxd5 3. Nf3 Bg4 4. Be2 Nc6 5. h3 Bh5 6. Nc3 Qd7 7. O-O Nf6 8.
d3 e6 9. Bg5 Be7 10. Qd2 h6 11. Bf4 g5 12. Bh2 Bd6 13. Rad1 O-O-O 14. a3 Rdg8
15. Bxd6 cxd6 16. Nh2 Bxe2 17. Nxe2 h5 18. Ng3 d5 19. b4 Qc7 20. b5 Ne5 21. a4
h4 22. Ne2 g4 23. hxg4 Nfxg4 24. Nxg4 Rxg4 25. f4 Ng6 26. Kh2 Ne7 27. Qc3 Rhg8
28. Qxc7+ Kxc7 29. Rg1 Nf5 30. Rdf1 Kb6 31. c4 dxc4 32. dxc4 Ne3 33. Rf2 Nxc4
34. g3 hxg3+ 35. Rxg3 Ka5 36. Rxg4 Rxg4 37. f5 e5 38. Nc3 Nd6 39. Re2 e4 40.
Kh3 Rf4 41. Kg3 Rf3+ 0-1

[Event "European Blitz Championship 2021"]
[Site "Katowice"]
[Date "2021.12.17"]
[Round "2.3"]
[White "Kucypera, Malgorzata"]
[Black "Nasuta, Grzegorz"]
[Result "0-1"]
[WhiteElo "1616"]
[BlackElo "2377"]
[Annotator "ChessBase"]
[PlyCount "125"]
[EventDate "2021.12.17"]
[EventType "swiss"]
[EventCountry "POL"]
[SourceTitle "playchess.com"]
[Source "ChessBase"]
[SourceQuality "1"]

1. e4 c5 2. Nf3 e6 3. d4 cxd4 4. Nxd4 Nf6 5. Nc3 d6 6. Bc4 Be7 7. Be3 O-O 8.
O-O Qc7 9. Bb3 Na6 10. Ncb5 Qb8 11. c4 Nc5 12. Bc2 a6 13. Nc3 Qc7 14. b3 b6 15.
Qd2 Bb7 16. f3 Rfd8 17. Rae1 Rac8 18. Bg5 h6 19. Be3 Bf8 20. Bf2 Ncd7 21. f4 b5
22. Bd3 bxc4 23. bxc4 Nc5 24. Bc2 Ng4 25. Bh4 Be7 26. Bxe7 Qxe7 27. f5 Qg5 28.
Qe2 Ne5 29. Nf3 Qf6 30. fxe6 fxe6 31. Nd4 Qg5 32. Nf3 Nxf3+ 33. Rxf3 Qe5 34.
Rg3 Rc7 35. Rf1 Re7 36. Qg4 Nd7 37. Qh4 Rde8 38. Qxh6 Qxg3 39. hxg3 gxh6 40.
Rf4 Ne5 41. Rh4 Kg7 42. Ne2 Rc7 43. Nf4 Rxc4 44. Nh5+ Kf7 45. Bb3 Rc1+ 46. Kh2
Ke7 47. Nf4 Rh8 48. Ne2 Re1 49. Nd4 Rxe4 50. Nxe6 Rxh4+ 51. gxh4 Ng4+ 52. Kg3
Nf6 53. Nd4 Ne4+ 54. Kf4 Nc5 55. Nf5+ Kd7 56. Bc2 Bxg2 57. h5 Bd5 58. Nh4 Bxa2
59. Ng6 Rb8 60. Bf5+ Be6 61. Bc2 Rb4+ 62. Ke3 Rb2 63. Kd4 0-1

[Event "European Blitz Championship 2021"]
[Site "Katowice"]
[Date "2021.12.17"]
[Round "2.4"]
[White "Sumets, Andrey"]
[Black "Janeczko, Jakub"]
[Result "1-0"]
[WhiteElo "2527"]
[BlackElo "2091"]
[Annotator "ChessBase"]
[PlyCount "45"]
[EventDate "2021.12.17"]
[EventType "swiss"]
[EventCountry "POL"]
[SourceTitle "playchess.com"]
[Source "ChessBase"]
[SourceQuality "1"]

1. d4 c5 2. d5 e5 3. c4 d6 4. Nc3 g6 5. g3 Be7 6. Bg2 Nf6 7. e4 O-O 8. Nge2 Ne8
9. O-O Ng7 10. a3 f5 11. f4 fxe4 12. fxe5 Rxf1+ 13. Qxf1 dxe5 14. Nxe4 Nf5 15.
Qf2 Nd7 16. Bd2 Qb6 17. Bc3 Nd4 18. Rf1 Nf5 19. g4 Nh6 20. Bd2 Bf8 21. Bxh6
Bxh6 22. Qf7+ Kh8 23. Qe8+ 1-0

[Event "European Blitz Championship 2021"]
[Site "Katowice"]
[Date "2021.12.17"]
[Round "2.4"]
[White "Spalir, Jernej"]
[Black "Golsta, Ramona"]
[Result "1-0"]
[WhiteElo "2368"]
[BlackElo "1609"]
[Annotator "ChessBase"]
[PlyCount "59"]
[EventDate "2021.12.17"]
[EventType "swiss"]
[EventCountry "POL"]
[SourceTitle "playchess.com"]
[Source "ChessBase"]
[SourceQuality "1"]

1. d4 d5 2. c4 e6 3. Nf3 Nf6 4. Nc3 c5 5. cxd5 exd5 6. g3 Nc6 7. Bg2 Be7 8. O-O
O-O 9. Bg5 cxd4 10. Nxd4 h6 11. Be3 Be6 12. Nxc6 bxc6 13. Na4 Qa5 14. Qc2 Rfc8
15. Bc5 Bxc5 16. Nxc5 Nd7 17. Rfc1 Rab8 18. b3 Rb5 19. Nd3 Bf5 20. Qd1 Bxd3 21.
Qxd3 Rc5 22. Bh3 Rxc1+ 23. Rxc1 Rc7 24. Bxd7 Rxd7 25. Rxc6 Rd8 26. a4 Qe1+ 27.
Kg2 Qa1 28. Rc7 a5 29. Qf5 Rf8 30. Qxd5 1-0

[Event "European Blitz Championship 2021"]
[Site "Katowice"]
[Date "2021.12.17"]
[Round "2.5"]
[White "Kutowski, Marcel"]
[Black "Durarbayli, Vasif"]
[Result "0-1"]
[WhiteElo "1936"]
[BlackElo "2629"]
[Annotator "TA"]
[PlyCount "110"]
[EventDate "2021.12.17"]
[EventType "swiss"]
[EventCountry "POL"]
[SourceTitle "playchess.com"]
[Source "ChessBase"]
[SourceQuality "1"]

1. e4 c5 2. Nf3 d6 3. Bb5+ Bd7 4. Bxd7+ Qxd7 5. c4 Nf6 6. Nc3 g6 7. O-O Bg7 8.
h3 O-O 9. d3 Nc6 10. Be3 a6 11. a3 Rab8 12. d4 cxd4 13. Nxd4 Rfc8 14. b3 b5 15.
cxb5 axb5 16. Rc1 b4 17. Nd5 Nxd4 18. Bxd4 Nxd5 19. Bxg7 Rxc1 20. Qxc1 Kxg7 21.
exd5 bxa3 22. Qxa3 Rb5 23. Qb2+ f6 24. Rd1 Qb7 25. Qe2 Rxb3 26. Re1 Rb1 27. Kh2
Rxe1 28. Qxe1 Kf8 29. Qd2 Qb5 30. g3 Qc4 31. h4 Qe4 32. Qh6+ Kg8 33. Qd2 Kg7
34. Kg1 h5 35. Qa5 Qb1+ 36. Kg2 Qe4+ 37. Kg1 Qe5 38. Qc7 g5 39. hxg5 fxg5 40.
Qd7 Qe1+ 41. Kg2 Qe4+ 42. Kg1 Kf7 43. Qb5 h4 44. gxh4 gxh4 45. Qb3 Qg4+ 46. Kh2
Qf4+ 47. Kg2 Kf6 48. Qc3+ Qe5 49. Qf3+ Kg6 50. Qd3+ Kg5 51. Qd2+ Qf4 52. Qd3
Qg4+ 53. Kh2 Qf5 54. Qe3+ Qf4+ 55. Qxf4+ Kxf4 0-1

[Event "European Blitz Championship 2021"]
[Site "Katowice"]
[Date "2021.12.17"]
[Round "2.5"]
[White "Zarebska, Lena"]
[Black "Gdanski, Jacek"]
[Result "0-1"]
[WhiteElo "1608"]
[BlackElo "2367"]
[Annotator "ChessBase"]
[PlyCount "77"]
[EventDate "2021.12.17"]
[EventType "swiss"]
[EventCountry "POL"]
[SourceTitle "playchess.com"]
[Source "ChessBase"]
[SourceQuality "1"]

1. e4 e6 2. d4 d5 3. e5 c5 4. c3 Nc6 5. Nf3 Bd7 6. Be2 Nge7 7. O-O Nf5 8. Bd3
cxd4 9. Bxf5 exf5 10. cxd4 Be6 11. Nc3 Be7 12. a3 Rc8 13. Qe2 g5 14. Qb5 g4 15.
Ne1 Qd7 16. Be3 f4 17. Bxf4 Nxd4 18. Qxd7+ Kxd7 19. Rd1 Rxc3 20. Rxd4 Rb3 21.
Rd2 Rc8 22. Nd3 Bf5 23. Nc1 Rb5 24. a4 Rb4 25. Bg3 h5 26. h4 gxh3 27. gxh3 h4
28. Bh2 Bxh3 29. Rxd5+ Ke6 30. Rfd1 Rg4+ 31. Bg3 hxg3 32. f3 Rxa4 33. R5d2 Bc5+
34. Kh1 Be3 35. Rd6+ Ke7 36. Nd3 g2+ 37. Kh2 g1=Q+ 38. Rxg1 Bxg1+ 39. Kxg1 0-1

[Event "European Blitz Championship 2021"]
[Site "Katowice"]
[Date "2021.12.17"]
[Round "2.6"]
[White "Motylev, Alexander"]
[Black "Zarebski, Cezary"]
[Result "1-0"]
[WhiteElo "2633"]
[BlackElo "1919"]
[Annotator "TA"]
[PlyCount "47"]
[EventDate "2021.12.17"]
[EventType "swiss"]
[EventCountry "POL"]
[SourceTitle "playchess.com"]
[Source "ChessBase"]
[SourceQuality "1"]

1. e4 c5 2. Nc3 Nc6 3. Bb5 e6 4. Bxc6 bxc6 5. f4 g6 6. Nf3 Bg7 7. O-O Ne7 8. e5
O-O 9. Ne4 d5 10. Nxc5 d4 11. c3 dxc3 12. bxc3 Nd5 13. Nd4 Qb6 14. Ba3 Rd8 15.
Kh1 Qc7 16. Qa4 Bd7 17. Rab1 Nb6 18. Qa6 Be8 19. Ne4 Bf8 20. Nf6+ Kg7 21. Bxf8+
Kxf8 22. Nxh7+ Kg7 23. Ng5 Rd5 24. Ndxe6+ 1-0

[Event "European Blitz Championship 2021"]
[Site "Katowice"]
[Date "2021.12.17"]
[Round "2.6"]
[White "Lubczynski, Rafal"]
[Black "Dziendziel, Mateusz"]
[Result "1-0"]
[WhiteElo "2361"]
[BlackElo "1608"]
[Annotator "ChessBase"]
[PlyCount "129"]
[EventDate "2021.12.17"]
[EventType "swiss"]
[EventCountry "POL"]
[SourceTitle "playchess.com"]
[Source "ChessBase"]
[SourceQuality "1"]

1. Nf3 g6 2. c4 Bg7 3. d4 f5 4. g3 Nf6 5. Bg2 O-O 6. O-O d6 7. b3 Nbd7 8. Bb2
a5 9. Nbd2 Qe8 10. d5 e5 11. dxe6 Nc5 12. Nd4 c6 13. N2f3 Nfe4 14. Qc2 a4 15.
Rad1 axb3 16. axb3 Qe7 17. b4 Nxe6 18. Qb3 Nc7 19. Nd2 Nxd2 20. Rxd2 Bd7 21.
Rfd1 c5 22. Nc2 Ba4 23. Qf3 Bxb2 24. Qxb7 Rab8 25. Qa7 Bxc2 26. Rxc2 Rxb4 27.
Rcd2 Rd8 28. Qa5 Bc3 29. Rd3 Bd4 30. e3 Be5 31. f4 Bf6 32. Qa7 Kf8 33. Qa2 Qf7
34. Rc1 Be7 35. Qa7 Bf6 36. Rcd1 Qe7 37. Rc1 Rb2 38. Qa3 Rb4 39. Qa7 Rdb8 40.
Rcd1 Ne8 41. Qa6 R8b6 42. Qa8 Rxc4 43. Bd5 Rcb4 44. Ba2 Rb2 45. Qd5 Rxa2 46.
Qxa2 Qf7 47. Qa5 Rb4 48. Qa6 Re4 49. Kf2 c4 50. Rd5 c3 51. Qd3 Nc7 52. Ra5 d5
53. Ra7 Rc4 54. Rb1 c2 55. Rc1 Kg7 56. Rxc2 Rxc2+ 57. Qxc2 Bd8 58. Qc6 Qe7 59.
Qc3+ Qf6 60. Rxc7+ Bxc7 61. Qxc7+ Qf7 62. Qe5+ Kg8 63. h4 Kf8 64. Kf3 Qb7 65.
Qh8+ 1-0

[Event "European Blitz Championship 2021"]
[Site "Katowice"]
[Date "2021.12.17"]
[Round "2.7"]
[White "Bochniak, Franciszek"]
[Black "Stefansson, Hannes"]
[Result "0-1"]
[WhiteElo "1651"]
[BlackElo "2519"]
[Annotator "ChessBase"]
[PlyCount "66"]
[EventDate "2021.12.17"]
[EventType "swiss"]
[EventCountry "POL"]
[SourceTitle "playchess.com"]
[Source "ChessBase"]
[SourceQuality "1"]

1. e4 d5 2. exd5 Nf6 3. d4 Nxd5 4. c4 Nb6 5. Nf3 g6 6. Nc3 Bg7 7. Be3 O-O 8.
Be2 Bg4 9. c5 Nd5 10. Qb3 Nxe3 11. fxe3 b6 12. Qd5 Nd7 13. cxb6 axb6 14. O-O c5
15. Rfd1 e6 16. Qc4 Qc7 17. dxc5 Bxf3 18. Bxf3 Ne5 19. Qf4 Nxf3+ 20. Qxf3 Qxc5
21. Rac1 Rad8 22. Nd5 Qa5 23. Ne7+ Kh8 24. Rxd8 Rxd8 25. Qxf7 Qd2 26. Rf1 Qxe3+
27. Kh1 Rf8 28. Qxf8+ Bxf8 29. Rxf8+ Kg7 30. Rf1 Qe2 31. Rc1 Qxb2 32. Rd1 Qc2
33. Re1 Qc5 0-1

[Event "European Blitz Championship 2021"]
[Site "Katowice"]
[Date "2021.12.17"]
[Round "2.7"]
[White "Lechowski, Witold"]
[Black "Keinanen, Toivo"]
[Result "0-1"]
[WhiteElo "1607"]
[BlackElo "2358"]
[Annotator "ChessBase"]
[PlyCount "114"]
[EventDate "2021.12.17"]
[EventType "swiss"]
[EventCountry "POL"]
[SourceTitle "playchess.com"]
[Source "ChessBase"]
[SourceQuality "1"]

1. d4 e6 2. e4 d5 3. Nc3 dxe4 4. Nxe4 Nd7 5. Nf3 Ngf6 6. Bg5 Be7 7. Nxf6+ Bxf6
8. Bxf6 Qxf6 9. c3 O-O 10. Bd3 c5 11. Qc2 h6 12. dxc5 Nxc5 13. O-O b6 14. Be4
Rb8 15. b4 Nxe4 16. Qxe4 Bb7 17. Qe5 Qg6 18. Qg3 Qd3 19. Ne5 Qxg3 20. fxg3 Rbc8
21. Rac1 f6 22. Nf3 e5 23. Rfd1 Rfd8 24. Kf2 Rxd1 25. Rxd1 Rxc3 26. Rd8+ Kh7
27. Rd7 Bxf3 28. gxf3 Rc2+ 29. Kg1 Rxa2 30. Rd3 Ra4 31. Rd7 Kg6 32. Kf2 Ra2+
33. Kg1 Ra4 34. Kg2 Rxb4 35. Rxa7 Rb2+ 36. Kh3 b5 37. g4 Rb3 38. Kg3 e4 39. h4
Rxf3+ 40. Kg2 b4 41. h5+ Kh7 42. Ra4 Rb3 43. Kf2 f5 44. gxf5 Rf3+ 45. Ke2 Rxf5
46. Rxb4 Rxh5 47. Rxe4 Rf5 48. Rh4 g5 49. Rh1 Kg6 50. Ra1 h5 51. Ra6+ Rf6 52.
Ra8 h4 53. Rg8+ Kh5 54. Rh8+ Kg4 55. Ra8 h3 56. Ra4+ Kg3 57. Ra3+ Kg2 0-1

[Event "European Blitz Championship 2021"]
[Site "Katowice"]
[Date "2021.12.17"]
[Round "2.8"]
[White "Demchenko, Anton"]
[Black "Owoc, Jakub"]
[Result "1-0"]
[WhiteElo "2655"]
[BlackElo "1751"]
[Annotator "RC"]
[PlyCount "69"]
[EventDate "2021.12.17"]
[EventType "swiss"]
[EventCountry "POL"]
[SourceTitle "playchess.com"]
[Source "ChessBase"]
[SourceQuality "1"]

1. e4 c6 2. d4 d5 3. Nc3 dxe4 4. Nxe4 Bf5 5. Ng3 Bg6 6. Nf3 Nd7 7. h4 h6 8. Bd3
Bxd3 9. Qxd3 Ngf6 10. Bf4 Qa5+ 11. Bd2 Qc7 12. O-O-O e6 13. Kb1 Bd6 14. Ne4
Nxe4 15. Qxe4 Nf6 16. Qe2 O-O-O 17. c4 c5 18. Bc3 Rhe8 19. Rhe1 Kb8 20. g3 Rd7
21. Rc1 Rc8 22. b3 Ka8 23. Rc2 Qc6 24. Kb2 h5 25. Rd2 Rcd8 26. Kb1 Qb6 27. d5
exd5 28. Bxf6 gxf6 29. Rxd5 Bb8 30. Red1 Rxd5 31. Rxd5 Rxd5 32. cxd5 Qb4 33.
Qd3 Bd6 34. Nd2 Qg4 35. Nc4 1-0

[Event "European Blitz Championship 2021"]
[Site "Katowice"]
[Date "2021.12.17"]
[Round "2.8"]
[White "Diermair, Andreas"]
[Black "Czernecki, Andrzej"]
[Result "1-0"]
[WhiteElo "2357"]
[BlackElo "1602"]
[Annotator "ChessBase"]
[PlyCount "33"]
[EventDate "2021.12.17"]
[EventType "swiss"]
[EventCountry "POL"]
[SourceTitle "playchess.com"]
[Source "ChessBase"]
[SourceQuality "1"]

1. d4 Nf6 2. Nf3 e6 3. g3 d5 4. Bg2 Bd6 5. O-O O-O 6. c4 c6 7. Nfd2 Nbd7 8. Nc3
Qc7 9. e4 dxe4 10. Ndxe4 Nxe4 11. Nxe4 Be7 12. Bf4 Qa5 13. Qe2 Nf6 14. Nc3 Rd8
15. Rad1 Bd7 16. a3 Bxa3 17. Ra1 1-0

[Event "European Blitz Championship 2021"]
[Site "Katowice"]
[Date "2021.12.17"]
[Round "2.9"]
[White "Norkeliunas, Matas"]
[Black "Laurusas, Tomas"]
[Result "0-1"]
[WhiteElo "1626"]
[BlackElo "2553"]
[Annotator "RC"]
[PlyCount "70"]
[EventDate "2021.12.17"]
[EventType "swiss"]
[EventCountry "POL"]
[SourceTitle "playchess.com"]
[Source "ChessBase"]
[SourceQuality "1"]

1. e4 c5 2. c3 d5 3. exd5 Qxd5 4. d4 Nf6 5. Nf3 Bg4 6. Be2 e6 7. O-O Nc6 8. Be3
Be7 9. h3 Bh5 10. Na3 O-O 11. dxc5 Qxd1 12. Raxd1 Nd5 13. Bd4 Nf4 14. Bb5 Nxh3+
15. Kh2 Ng5 16. Bxc6 bxc6 17. Rd3 Nxf3+ 18. gxf3 Rfd8 19. Nc4 Bxc5 20. Ne5 Bd6
21. f4 Be2 22. Rg1 Bxd3 23. Nxd3 g6 24. Bf6 Be7 25. Bd4 a5 26. Ne5 c5 27. Nc6
cxd4 28. Nxe7+ Kg7 29. Nc6 Rdc8 30. Nxd4 Rab8 31. f5 e5 32. Nf3 Rxb2 33. fxg6
hxg6 34. Nxe5 Rxf2+ 35. Kg3 Rf5 0-1

[Event "European Blitz Championship 2021"]
[Site "Katowice"]
[Date "2021.12.17"]
[Round "2.9"]
[White "Tchorzewski, Kazimierz"]
[Black "Wisniewski, Adrian"]
[Result "0-1"]
[WhiteElo "1602"]
[BlackElo "2351"]
[Annotator "ChessBase"]
[PlyCount "70"]
[EventDate "2021.12.17"]
[EventType "swiss"]
[EventCountry "POL"]
[SourceTitle "playchess.com"]
[Source "ChessBase"]
[SourceQuality "1"]

1. e4 e6 2. d4 d5 3. Nd2 Nf6 4. e5 Nfd7 5. f4 c5 6. c3 Nc6 7. Ndf3 cxd4 8. cxd4
Bb4+ 9. Bd2 Qa5 10. a3 Bxd2+ 11. Qxd2 Qxd2+ 12. Kxd2 Na5 13. Kc3 Nb6 14. b4
Nac4 15. Nd2 Ne3 16. a4 Nxf1 17. Rxf1 Nxa4+ 18. Kb3 Nb6 19. Ngf3 Bd7 20. Ra1 h6
21. Rhc1 Bc6 22. Rc5 a6 23. g4 Kd7 24. f5 Bb5 25. f6 g6 26. h4 Rac8 27. Rac1
Nc4 28. Nxc4 dxc4+ 29. Ka3 Bc6 30. Nd2 b5 31. Kb2 Bb7 32. Ra1 Rxc5 33. dxc5 Kc7
34. Nb1 Rd8 35. Kc2 Rd4 0-1